| 000 | 00699nam a2200145 a 4500 | ||
|---|---|---|---|
| 001 | 000031525 | ||
| 005 | 20200930063006.0 | ||
| 008 | 110523s1944 dr c 000 | spa d | ||
| 040 |
_aDO-SdBNP _bspa _cBNPHU |
||
| 110 | 1 |
_aRepública Dominicana. _bPresidente (1942-1952 : Trujillo Molina) _957164 |
|
| 245 | 1 | 0 |
_aDiscurso : _bPronunciado por el excelentísimo señor Presidente de la República generalísimo Dr. Rafael Leónidas Trujillo Molina en el Altar de la Patria el día 27 de febrero de 1944 en ocasión del Primer Centenario de la Independencia Nacional. |
| 260 |
_aCiudad Trujillo, República Dominicana : _bImprenta la Nación, _c1944. |
||
| 300 |
_a24 p. : _bretr. ; _c21 cm. |
||
| 049 | _aBNPD | ||
| 999 |
_c31017 _d31017 |
||